1737 1260 1743 1510 1714 1964 1746 1343 1624 1635 1250 1257 1299 1480 1773 1455 1165 1395 1047 1291 1268 1706 1196 1041 1697 1609 1089 1001 1885 1122 1685 1166 1292 1758 1468 1101 1305 1751 1856 1321 1469 1500 1795 1946 1984 1337 1645 1517 1065 1277 1325 1270 1185 1131 1813 1593 1382 1840 1594 1858 1854 1245 1698 1436 1038 1297 1092 1994 1587 1318 1578 1681 1004 1138 1305 1176 1190 1658 1184 1652 1808 1586 1516 1177 1706 1503 1407 1244 1705 1010 1378 1168 1609 1456 1920 1015 1057 1627 1181 BCNSPRNW ULIB Ver.6.0+V

เปลี่ยนเป็นภาษาไทย

Change to English
 แสดงรายละเอียดบรรณานุกรม
  กลับหน้าหลัก

Brief Record : Get Marc (ISO 2709) : E-mail record : QR code < ปิดหน้าต่าง
LEADER : 00000nam 2200000uu 4500
001    13399110954
003     ULIB
008    110614s2551||||th 000 0 tha d
050  4 AC158^bส691ค 2551
110 1  สำนักพิมพ์สาระ
245 00 คำปรึกษาเกี่ยวกับปัญหาในชีวิตประจำวัน/^cสำนักพิมพ์สาระ
260    กรุงเทพฯ :^bสาระ,^c2551
300    พิมพ์ครั้งที่ 1
650  7 ปัญหาสุขอนามัย
650  7 ปัญหาเยาวชน
650  7 ปัญหาเกี่ยวกับเพศ
650  7 ปัญหาครอบครัว
650  7 ปัญหาชีวิต
945    ^p160^l0^i023412
995    ทศพร
999 ^a ใช้งานได้ทุกระบบ
รายการนี้ยังไม่มีแท็ก
คุณยังไม่ได้ล็อกอิน คุณสามารถมีกิจกรรมร่วมกับเว็บไซต์ได้ แต่ต้องล็อกอินก่อน ::
  ล็อกอิน

รายการสื่อสารสนเทศ

ลำดับที่ ประเภท เลขเรียก/บาร์โค้ด สถานที่ สถานะ
- ไม่พบข้อมูล -

BibComment


ยังไม่เคยถูกคอมเมนท์

คอมเมนท์ทรัพยากรรายการนี้
  คอมเมนท์: คำปรึกษาเกี่ยวกับ..


 Copyright 2026. Bcnsprnw @Library